| 000 | 00480nam a22001937a 4500 | ||
|---|---|---|---|
| 003 | MPLRDC | ||
| 005 | 20220104161724.0 | ||
| 008 | 210129b ||||| |||| 00| 0 eng d | ||
| 020 | _a7-80653-687-6 | ||
| 082 | _a415.53 LJM | ||
| 100 | _a梁锦民 | ||
| 245 |
_a乙型肝炎调理膳食 _c |
||
| 250 | _a一版一刷 | ||
| 260 |
_a中国 _b广东旅游出版社 _c2006 |
||
| 300 | _b平 | ||
| 490 | _a健康吃出来. 第1辑 | ||
| 650 | _a肝病 | ||
| 942 |
_cBK _o415.53 LJM |
||
| 999 |
_c55624 _d55614 |
||